| 000 | 01193nam a2200361 4500 | ||
|---|---|---|---|
| 001 | 24619 | ||
| 010 | _a9789897843822 | ||
| 021 |
_aPT _b512290/23 |
||
| 090 | _a24619 | ||
| 100 | _a20240122d2023 c y0pory50030103ba | ||
| 101 | 1 |
_apor _cita |
|
| 102 | _aPT | ||
| 105 | _aa z 000fy | ||
| 106 | _ar | ||
| 200 | 1 |
_aO vendedor de felicidade _fDavide Calì, Marco Somà _gtrad. Maria de Fátima Carmo |
|
| 205 | _a3ª ed | ||
| 210 | 9 |
_aLisboa _cNuvem de Letras _d2023 |
|
| 215 |
_a[28] p. _cil. _d34 cm |
||
| 304 | _aTít. orig.: Il venditore di felicità | ||
| 330 | _aA felicidade é o mais importante na vida, por isso, quando o senhor Pombo decide vendê-la em frascos pequenos, grandes e de tamanho familiar, surgem imediatamente compradores interessados. Uma pena que, quando o vendedor de felicidade vai embora, deixe cair um pequeno jarro. É então que a verdade é revelada… | ||
| 606 |
_aLiteratura infantil _xConto |
||
| 675 |
_a087.5 _vBN _zpor |
||
| 675 |
_a821.133.1(494)-93"20" _vBN _zpor |
||
| 675 |
_a821.133.1(494)-34"20" _vBN _zpor |
||
| 700 | 1 |
_aCali _bDavide _f1972- |
|
| 701 | 1 |
_aSomà _bMarco _f1983- _4070 |
|
| 702 | 1 |
_aCarmo _bMaria de Fátima _4730 |
|
| 801 | 0 |
_aPT _bBEDB _gRPC |
|
| 942 |
_n0 _cMON |
||